MARC details
| 000 -LÍDER |
| campo de controle de tamanho fixo |
01953nam a2200313 4500 |
| 001 - NÚMERO DE CONTROLE |
| campo de controle |
205 |
| 003 - IDENTIFICADOR DO NÚMERO DE CONTROLE |
| campo de controle |
OSt |
| 005 - DATA E HORÁRIO DA ÚLTIMA TRANSAÇÃO |
| campo de controle |
20250528074014.0 |
| 008 - CAMPO DE DADOS FIXOS--INFORMAÇÃO GERAL |
| campo de controle de tamanho fixo |
250203b |||||||g |||| 00| 1 eng d |
| 020 ## - ISBN - INTERNATIONAL STANDARD BOOK NUMBER |
| ISBN - International Standard Book Number |
8573022531 |
| 040 ## - FONTE DA CATALOGAÇÃO |
| Idioma da catalogação |
por |
| 041 ## - CÓDIGO DE IDIOMA |
| Código do idioma do original e/ou traduções intermediárias do texto |
eng |
| Código do idioma do texto/trilha sonora ou título diferente |
por |
| 082 ## - CDD - CLASSIFICAÇÃO DECIMAL DE DEWEY |
| Número de Classificação |
891.4 |
| Número do exemplar |
D618i |
| 100 ## - ENTRADA PRINCIPAL--NOME PESSOAL |
| Nome pessoal |
Divakaruni, Chitra |
| Datas associadas ao nome |
1956- |
| 9 (RLIN) |
382 |
| 240 ## - TÍTULO UNIFORME |
| Título uniforme |
Sister of my heart |
| 245 ## - TÍTULO |
| Título |
Irmã do meu coração / |
| Indicação de responsabilidade, etc. |
Divakaruni, Chitra ; Tradução de Adalgisa Campos da Silva |
| 260 ## - PUBLICAÇÃO, DISTRIBUIÇÃO, ETC. |
| Local de publicação, distribuição, etc. |
Rio de Janeiro |
| Nome do editor, distribuidor, etc. |
Objetiva |
| Data da publicação, distribuição, etc. |
2001 |
| 300 ## - DESCRIÇÃO FÍSICA |
| Extensão |
408 p. |
| 520 ## - NOTA DE RESUMO, ETC. |
| Resumo, etc. |
Anju e Sudha são irmãs do coração. Anju é filha de ilustre família de uma casta alta de Calcutá. Sudha é filha da ovelha negra desta família. Uma é deslumbrante; a outra não é bonita. Apesar das diferenças, uma forte ligação surge entre as duas primas desde o dia de seu nascimento. Esse vínculo profundo é ameaçado, contudo, quando Sudha descobre um terrível segredo de família. A palavra desconfiança pela primeira vez faz sentido para elas. Conduzidas a casamentos arranjados, suas vidas tomam rumos diferentes. Uma vai para os Estados Unidos; a outra fica na Índia. Somente quando uma grande tragédia as atinge, Sudha e Anju descobrem que, apesar da distância, apesar do casamento, precisam estar juntas novamente.<br/><br/><br/><br/>Excepcionalmente bem escrito, IRMÃ DO MEU CORAÇÃO é uma narrativa poética e apaixonante sobre afetos e ódios, ciúmes e desejos _ os mistérios que envolvem as emoções humanas em qualquer parte do mundo. Poeta e ficcionista premiada, Chitra Divakaruni confirma, com esse romance, ser uma hábil e sensível cartógrafa dos caminhos do coração. |
| 650 #0 - ASSUNTO--TERMO TÓPICO |
| Cabeçalho tópico ou nome geográfico |
Literatura indiana |
| 9 (RLIN) |
383 |
| 650 #0 - ASSUNTO--TERMO TÓPICO |
| Cabeçalho tópico ou nome geográfico |
Amor e Paixão |
| 9 (RLIN) |
25 |
| 650 #0 - ASSUNTO--TERMO TÓPICO |
| Cabeçalho tópico ou nome geográfico |
Familia |
| 9 (RLIN) |
35 |
| 650 #0 - ASSUNTO--TERMO TÓPICO |
| Cabeçalho tópico ou nome geográfico |
Outras Culturas |
| 9 (RLIN) |
384 |
| 650 #0 - ASSUNTO--TERMO TÓPICO |
| Cabeçalho tópico ou nome geográfico |
Emponderamento |
| 9 (RLIN) |
32 |
| 655 #0 - TERMO DE ÍNDICE--GÊNERO E FORMA |
| Gênero/forma/ou termo foco |
Romance |
| 655 #0 - TERMO DE ÍNDICE--GÊNERO E FORMA |
| Gênero/forma/ou termo foco |
Ficção |
| 700 ## - ENTRADA ADICIONADA - NOME PESSOAL |
| Nome pessoal |
Adalgisa Campos da Silva |
| Função do autor por extenso |
Tradutor |
| 9 (RLIN) |
385 |
| 942 ## - ELEMENTOS DE ENTRADA ADICIONADOS (KOHA) |
| Fonte de classificação ou esquema de arquivamento |
Classificação decimal de Dewey |
| Ocultar no OPAC |
Não |
| Tipo de material Koha |
Livros |